Biology of Non-Chordates (Record no. 174055)

MARC details
000 -LEADER
fixed length control field 00597nam a22001937a 4500
005 - DATE AND TIME OF LATEST TRANSACTION
control field 20200316145800.0
010 ## - LCCN (DPL NO)
LC control number ENG-128058
020 ## - INTERNATIONAL STANDARD BOOK NUMBER
International Standard Book Number 9789387472006
Terms of availability 650.00
035 ## - SYSTEM CONTROL NUMBER
System control number EN-111590
037 ## - SOURCE OF ACQUISITION
Source of stock number/acquisition DBAD/PUB
082 ## - DEWEY DECIMAL CLASSIFICATION NUMBER
Classification number 592
Edition number 2nd.
100 ## - MAIN ENTRY--PERSONAL NAME
Personal name Mandal, Fatik Baran
245 ## - TITLE STATEMENT
Title Biology of Non-Chordates
Statement of responsibility, etc by Fatik Baran Mandal
260 ## - PUBLICATION, DISTRIBUTION, ETC. (IMPRINT)
Place of publication, distribution, etc New Delhi
Name of publisher, distributor, etc PHI
Date of publication, distribution, etc 2018
270 ## - ADDRESS
Address House No. 111, Patparganj Industrial Estate,
City New Delhi
300 ## - PHYSICAL DESCRIPTION
Extent xix;488p.
Dimensions 28cm(pbk)
500 ## - GENERAL NOTE
General note includes bibliographical references and index
942 ## - ADDED ENTRY ELEMENTS (KOHA)
Source of classification or shelving scheme Dewey Decimal Classification
Item type English Books
Classification part 592
Call number suffix MAN
Edition 2nd.
Holdings
Withdrawn status Lost status Not for loan Collection code Home library Current library Date acquired Source of acquisition Cost, normal purchase price Full call number Barcode Copy number Cost, replacement price Koha item type
      Non-fiction Central Library Central Library 16/03/2020 DBAD/PUB 650.00 592 MAN EN-111590 1 650.00 English Books

© Delhi Public Library
Hit Counter
free hit counter